|
|
|
|
| LEADER |
00000nam a2200000 4500 |
| 008 |
191112b2009 c ||||| |||| 00| | spa d |
| 999 |
|
|
|c 3802
|d 3802
|
| 020 |
|
|
|a 9789968818987
|
| 090 |
|
|
|a 06.03.06
|b 423
|
| 100 |
|
|
|9 1992
|a Esquivel Cordero, Victoria E.
|
| 245 |
|
|
|a Llevando a la práctica las adecuaciones curriculares /
|c Victoria Eugenia Esquivel Cordero
|
| 260 |
|
|
|a San José, Costa Rica :
|b Coordinación Educativa y Cultural Centroamericana CECC/SICA,
|c 2009
|
| 300 |
|
|
|a 162 páginas
|
| 490 |
|
|
|a Colección Pedagógica Formación Inicial de Docentes Centroamericanos de Educación Básica;
|v 42
|
| 650 |
1 |
4 |
|9 287
|a EVALUACIÓN
|
| 650 |
1 |
4 |
|9 2499
|a ADECUACIÓN CURRICULAR
|
| 650 |
1 |
4 |
|9 1989
|a NECESIDADES ESPECIALES
|
| 942 |
|
|
|i 002927
|h 06.03.06 423
|2 z
|c 01
|